000 00954nas a2200289 4500
001 BR2012008481
003 BR-BrBNA
005 20231205121437.0
007 ta
008 230509b bl.|||p| |||| 00| 00por d
040 _aBR-BrBNA
_bpor
_cBiblioteca Nacional de Agricultura
041 _a(Pt)
072 _aE16
100 1 _aVargas, M.A.
100 1 _aOliveira, B.F. de
245 1 _aEstratégias de diversificação em áreas de cultivo de tabaco no Vale do Rio Pardo: uma análise comparativa
650 _aFUMO
650 _aDIVERSIFICAÇÃO DE CULTURA
650 _aANÁLISE COMPARATIVA
650 _aDESENVOLVIMENTO RURAL
650 _aESTATÍSTICA DE PRODUÇÃO
650 _aCUSTO DE PRODUÇÃO
650 _aRIO GRANDE DO SUL
773 0 _tRevista de Economia e Sociologia Rural (Brazil)
_xISSN 0103-2003
_g(Jan-Mar 2012), v. 50(1) p. 175-192
_wBR2012008481
909 _a202311
_bLúcia
_c55
_dLúcia Elande
942 _2AGRIS
_n0
_cANA
999 _c223607
_d223607